000 00596nam a2200229Ia 4500
003 OSt
005 20221005115809.0
006 a|||||r|||| 00| 0
007 ta
008 221004b |||||||| |||| 00| 0 eng d
024 _a67057
037 _cTextual
040 _aCRL
_cCRL
_beng
041 _2eng
_aeng
082 _aV3:28tN66, K8
111 _aCommittee on Civil Services (1966 : Great Britain)
_9628131
245 0 _aCommittee on Civil Services
_b Report
260 _c1968
650 _aHISTORY
942 _hV3:28tN66, K8
_cTEXL
_2cc
999 _c1035947
_d1035947